00518nam a2200193 a 4500001001300000003000900013005001700022008004100039020001000080082002200090100002600112245004000138260004100178300000900219500003500228505001700263650001800280700002600298nice12345678IN_TiNIC20260116012854.0050524s1925 hyda grp 000 0 eng  ac10000a305.39710954bBIL aBilgrami, Syed Husain aAddresses, Poems and Other Writings aHyderabadbGovt. Central Pressc1925 a206p aincludes index and biblioraphy2 aBibliography aMuslims-India1 aBilgrami, Syed Husain